000 00636nam a2200205Ia 4500
003 GCL
008 140319s9999 xx 000 0 ara d
040 _aGCL /
_cGCL
082 0 4 _a916
_bم ج
100 1 _aمحمد خميس الزوكة
245 1 0 _aجغرافية شرقى افريقيا /
_cمحمد خميس الزوكة
260 _a[S.N] :
_bدار المعرفة
490 _a
650 0 4 _aالجغرافيا الطبيعية
650 0 4 _aالجغرافيا
650 0 4 _aالجغرافيا الاقتصادية
650 0 4 _aشرق افريقيا
650 0 4 _aالجغرافيا البشرية
942 _2ddc
_cBK
999 _c52935
_d52935